<?xml version="1.0" encoding="UTF-8"?>
<collection xmlns="http://www.loc.gov/MARC21/slim">
 <record>
  <leader>00532pamaa2200181   4500</leader>
  <controlfield tag="001">0000022330</controlfield>
  <controlfield tag="005">20060620090000.0</controlfield>
  <datafield tag="020" ind1="0" ind2="0">
   <subfield code="a">0750640340 </subfield>
  </datafield>
  <datafield tag="082" ind1=" " ind2=" ">
   <subfield code="a">658.8 LAN</subfield>
  </datafield>
  <datafield tag="090" ind1="0" ind2="0">
   <subfield code="a">HF5415 </subfield>
   <subfield code="b">LAN 1998</subfield>
  </datafield>
  <datafield tag="100" ind1="1" ind2="0">
   <subfield code="a">LANCASTER </subfield>
  </datafield>
  <datafield tag="245" ind1="1" ind2="0">
   <subfield code="a">Marketing fundamentals 1998-99 certificate  </subfield>
   <subfield code="c">Geoff Lancaster and Frank Withey.</subfield>
  </datafield>
  <datafield tag="260" ind1="0" ind2="0">
   <subfield code="a">Oxford: </subfield>
   <subfield code="b">Butterworth Heinemann, </subfield>
   <subfield code="c">c1998.</subfield>
  </datafield>
  <datafield tag="300" ind1=" " ind2=" ">
   <subfield code="a">219p.; </subfield>
   <subfield code="c">30cm.</subfield>
  </datafield>
  <datafield tag="440" ind1="0" ind2="0">
   <subfield code="a">CIM student workbook series</subfield>
  </datafield>
  <datafield tag="650" ind1="0" ind2="0">
   <subfield code="a">Marketing </subfield>
  </datafield>
  <datafield tag="700" ind1="1" ind2="1">
   <subfield code="a">Withey, </subfield>
   <subfield code="h">Frank </subfield>
  </datafield>
  <datafield tag="710" ind1="1" ind2="1">
   <subfield code="a">Chartered Institute of Marketing </subfield>
  </datafield>
 </record>
</collection>
